000 00779cam a22002651 4500
001 24394
003 BD-RjUL
005 20211209001039.0
008 140313s1954 gw b b 001 0 eng
035 _a(BD-RjUL)24460
035 _a(OCoLC)1829650
040 _aDLC
_cMdBJ
_dBD-RjUL
_beng
041 _aeng
082 0 0 _a572.934
_bSHE 1954
100 1 _aShafer, Robert,
_d1893-
_975109
245 1 0 _aEthnography of ancient India /
_cRobert Shafer.
260 _aWiesbaden :
_bO. Harrassowitz,
_c1954.
300 _avii, 173 p. :
_b2 fold. maps (1 col.) ;
_c25 cm.
504 _aBibliography: p. [171]-173. Bibliographical footnotes.
504 _aIncludes index.
650 0 _aEthnology
_zIndia.
_975110
942 _2ddc
_cBK
999 _c24394
_d24394